Mission: Impossible Movies - Statistics

General Stats
  • This quiz has been taken 36 times
  • The average score is 7 of 8
Answer Stats
Picture Answer % Correct
Mission: Impossible - Ghost Protocol
90%
Mission: Impossible
87%
Mission: Impossible - Dead Reckoning
87%
Mission: Impossible - Fallout
87%
Mission: Impossible - The Final Reckoning
83%
Mission: Impossible II
80%
Mission: Impossible III
80%
Mission: Impossible - Rogue Nation
67%
No matching quizzes found
Score Distribution
Percent of People with Each Score
Percentile by Number Answered
Your Score History
You have not taken this quiz